| 000 | 00401nam a22001577a 4500 | ||
|---|---|---|---|
| 999 |
_c11085 _d11085 |
||
| 003 | OSt | ||
| 008 | 220209b ||||| |||| 00| 0 eng d | ||
| 082 | _a615.14 SHP | ||
| 100 | _aSHARMA,Dinesh Kumar | ||
| 245 | _aPharmaceutics-1 | ||
| 250 | _aRep | ||
| 260 |
_aNew Delhi _bThakur Publication _c2022 |
||
| 300 | _a247 | ||
| 650 | _aPharmaceutics (Dispensing and General Pharmacy | ||
| 942 |
_2ddc _cBK _05 |
||